小田急電鉄の歴代全駅名 - Statistics

General Stats
  • This quiz has been taken 9 times
  • The average score is 61 of 101
Answer Stats
No. 駅名 存在時期 % Correct
OH1 新宿 1927-
100%
OH2 南新宿 1942-
88%
OH5 代々木上原 1941-
88%
OH7 下北沢 1927-
88%
OH8 世田谷代田 1946-
88%
OH10 豪徳寺 1927-
88%
OH13 祖師ヶ谷大蔵 1927-
88%
OH18 登戸 1958-
88%
OH19 向ヶ丘遊園 1955-
88%
OH21 読売ランド前 1964-
88%
OH23 新百合ヶ丘 1974-
88%
OE16 片瀬江ノ島 1929-
88%
OH3 参宮橋 1927-
75%
OH4 代々木八幡 1927-
75%
OH6 東北沢 1927-
75%
OH9 梅ヶ丘 1934-
75%
OH11 経堂 1927-
75%
OH12 千歳船橋 1927-
75%
OH14 成城学園前 1927-
75%
OH15 喜多見 1927-
75%
OH16 狛江 1927-
75%
OH17 和泉多摩川 1927-
75%
東生田 1927-1964
75%
OH20 生田 1964-
75%
西生田 1927-1964
75%
OH22 百合ヶ丘 1960-
75%
OH24 柿生 1927-
75%
OH27 町田 1976-
75%
OH28 相模大野 1940-
75%
OH32 海老名 1943-
75%
OH33 厚木 1944-
75%
OH34 本厚木 1944-
75%
OH38 東海大学前 1987-
75%
OH39 秦野 1987-
75%
OH45 螢田 1952-
75%
OH47 小田原 1927-
75%
OE1 東林間 1941-
75%
OE2 中央林間 1941-
75%
OE3 南林間 1941-
75%
OE5 大和 1944-
75%
OE9 湘南台 1966-
75%
六会 1929-1998
75%
OE10 六会日大前 1998-
75%
OE13 藤沢 1929-
75%
OE14 本鵠沼 1929-
75%
OE15 鵠沼海岸 1929-
75%
OT3 黒川 1974-
75%
OT4 はるひ野 2004-
75%
OT5 小田急永山 1974-
75%
OT6 小田急多摩センター 1975-
75%
OT7 唐木田 1990-
75%
稲田多摩川 1927-1955
63%
稲田登戸 1927-1955
63%
OH25 鶴川 1927-
63%
OH26 玉川学園前 1929
63%
OH29 小田急相模原 1941-
63%
座間 1927-1937 | 1940-
63%
OH30 相武台前 1940-
63%
鶴巻 1927-1930 | 1944-1958
63%
鶴巻温泉 1930-1944 | 1958-
63%
OH41 新松田 1927-
63%
OH43 栢山 1927-
63%
OE6 桜ヶ丘 1952-
63%
OE8 長後 1958-
63%
OE11 善行 1960-
63%
OE12 藤沢本町 1929-
63%
OT1 五月台 1974-
63%
新原町田 1927-
50%
OH35 愛甲石田 1927-
50%
OH36 伊勢原 1927-
50%
大根 1927-1987
50%
大秦野 1927-1987
50%
OH40 渋沢 1927-
50%
OH42 開成 1985-
50%
OH44 富水 1927-
50%
OH46 足柄 1927-
50%
OE4 鶴間 1929-
50%
OE7 高座渋谷 1929-
50%
OT2 栗平 1974-
50%
相模原 1938-1941
38%
東林間都市 1929-1941
38%
中央林間都市 1929-1941
38%
南林間都市 1929-1941
38%
小田急本社前 1937-1942
25%
山谷 1927-1946
25%
代々幡上原 1927-1941
13%
登戸多摩川 1955-1958
13%
通信学校前 1938-1940
13%
士官学校前 1937-1940
13%
新座間 1927-1931
13%
座間遊園 1931-1940
13%
海老名国分 1927-1943
13%
河原口 1927-1944
13%
相模厚木 1927-1944
13%
西大和 1929-1944
13%
新長後 1929-1958
13%
千駄ヶ谷新田 1927-1937
0%
世田ヶ谷中原 1927-1946
0%
No matching quizzes found
Score Distribution
Percent of People with Each Score
Percentile by Number Answered
Your Score History
You have not taken this quiz